[Event "San Francisco Training"]
[Site "San Francisco"]
[Date "2017.07.29"]
[Round "3.2"]
[White "Arnoletto, Stefano"]
[Black "Marson, Juan Miguel"]
[Result "0-1"]
[WhiteElo "1580"]
[BlackElo "2002"]
[PlyCount "52"]
[EventDate "2017.07.29"]
[EventType "swiss"]
[EventRounds "7"]
[EventCountry "ARG"]
[SourceTitle "EXT 2024"]
[Source "ChessBase"]
[SourceDate "2023.10.10"]
[SourceVersion "1"]
[SourceVersionDate "2023.10.10"]
[SourceQuality "1"]

1. d4 Nf6 2. c4 e5 3. dxe5 Ng4 4. Nf3 Nc6 5. Bf4 Bc5 6. e3 Qe7 7. e6 dxe6 8. Be2 0-0 9. 0-0 e5 10. Bg3 Bf5 11. Nc3 f6 12. Nh4 Nxe3 13. fxe3 Bxe3+ 14. Bf2 Bxf2+ 15. Rxf2 Be6 16. Nf3 Qc5 17. b3 Rad8 18. Qc2 Nb4 19. Qb1 Bf7 20. a3 Nc6 21. Bd3 g6 22. Ne4 Qe7 23. Nc3 Kg7 24. Qf1 f5 25. Bc2 e4 26. Ne1 Qe5 0-1

[Event "ARG-ch sf U2300 Villa Maria 3rd"]
[Site "Villa Maria"]
[Date "2017.06.18"]
[Round "6.2"]
[White "Arnoletto, Stefano"]
[Black "Koncurat, Tomas"]
[Result "0-1"]
[WhiteElo "1502"]
[BlackElo "1754"]
[PlyCount "72"]
[EventDate "2017.06.17"]
[EventType "swiss"]
[EventRounds "6"]
[EventCountry "ARG"]
[SourceTitle "EXT 2024"]
[Source "ChessBase"]
[SourceDate "2023.10.10"]
[SourceVersion "1"]
[SourceVersionDate "2023.10.10"]
[SourceQuality "1"]

1. d4 Nf6 2. c4 e6 3. g3 d5 4. Nf3 c6 5. Qc2 Nbd7 6. Nbd2 Be7 7. Bg2 0-0 8. 0-0 Re8 9. b3 Bf8 10. Rd1 b6 11. e4 dxe4 12. Nxe4 Bb7 13. Ne5 Qc8 14. Nxd7 Nxd7 15. Bf4 Nf6 16. Nxf6+ gxf6 17. Qe2 Kh8 18. Qh5 Re7 19. Be4 f5 20. Be5+ Bg7 21. Qg5 f6 22. Bxf6 Rc7 23. Bxg7+ Rxg7 24. Qf6 fxe4 25. d5 exd5 26. cxd5 cxd5 27. Rac1 Qf8 28. Qd4 Kg8 29. Rc2 Rc8 30. Rxc8 Qxc8 31. Qb2 Qh3 32. Qe5 Qc8 33. Kg2 Qf8 34. Rc1 d4 35. Qxd4 e3+ 36. Kg1 Qxf2# 0-1

[Event "ARG-ch sf U2300 Villa Maria 3rd"]
[Site "Villa Maria"]
[Date "2017.06.18"]
[Round "4.5"]
[White "Arnoletto, Stefano"]
[Black "Reburdo, Rodrigo Hernan"]
[Result "1-0"]
[WhiteElo "1502"]
[BlackElo "1551"]
[PlyCount "108"]
[EventDate "2017.06.17"]
[EventType "swiss"]
[EventRounds "6"]
[EventCountry "ARG"]
[SourceTitle "EXT 2024"]
[Source "ChessBase"]
[SourceDate "2023.10.10"]
[SourceVersion "1"]
[SourceVersionDate "2023.10.10"]
[SourceQuality "1"]

1. d4 Nf6 2. c4 e5 3. dxe5 Ng4 4. Bf4 Nc6 5. Nf3 Bb4+ 6. Nc3 Qe7 7. Qc2 Ncxe5 8. Nxe5 Nxe5 9. e3 d6 10. a3 Bxc3+ 11. Qxc3 0-0 12. Be2 Bf5 13. 0-0 Be4 14. c5 Bc6 15. cxd6 cxd6 16. Rfd1 Rac8 17. Qb4 Rfd8 18. Rd2 Qc7 19. Rad1 a5 20. Qc3 f6 21. Qb3+ Kh8 22. Qe6 Ba4 23. b3 Bc6 24. Rxd6 Rxd6 25. Qxd6 Qxd6 26. Rxd6 Nf7 27. Rd1 Be4 28. Bc4 Bc2 29. Rd2 Bf5 30. h3 Nd8 31. f3 Nc6 32. e4 Bg6 33. Kf2 h6 34. Be6 Be8 35. Bd7 Rd8 36. Bxc6 Rxd2+ 37. Bxd2 bxc6 38. Bxa5 Bf7 39. b4 Kg8 40. Bb6 Bc4 41. g3 Kf7 42. Bc5 g6 43. h4 h5 44. Ke3 Ke6 45. f4 f5 46. a4 Bb3 47. a5 Bc4 48. Kd4 Bb5 49. e5 Ba6 50. Bd6 Kd7 51. Kc5 Bb5 52. Kb6 Ke6 53. a6 Bxa6 54. Kxa6 Kd5 1-0

[Event "ARG-ch sf U2300 Villa Maria 2nd"]
[Site "Villa Maria"]
[Date "2017.04.23"]
[Round "4.5"]
[White "Bernardi, Cristian"]
[Black "Arnoletto, Stefano"]
[Result "1-0"]
[WhiteElo "1621"]
[BlackElo "1520"]
[PlyCount "91"]
[EventDate "2017.04.22"]
[EventType "swiss"]
[EventRounds "6"]
[EventCountry "ARG"]
[SourceTitle "EXT 2024"]
[Source "ChessBase"]
[SourceDate "2023.10.10"]
[SourceVersion "1"]
[SourceVersionDate "2023.10.10"]
[SourceQuality "1"]

1. e4 c6 2. d4 d5 3. exd5 cxd5 4. h3 Bf5 5. Nf3 Nf6 6. Bd3 Bxd3 7. Qxd3 Qb6 8. 0-0 e6 9. b3 Bd6 10. Bb2 Nc6 11. a3 0-0 12. Nbd2 Rac8 13. c4 dxc4 14. Nxc4 Qa6 15. Rfd1 Be7 16. Nfe5 Rfd8 17. Nxc6 Rxc6 18. Qf3 Qb5 19. Rd2 Qd5 20. Qxd5 Nxd5 21. Rad1 Bf6 22. Ne5 Rcd6 23. g3 Nc7 24. Ng4 Be7 25. Ne5 Bf8 26. f4 Rd5 27. a4 Bb4 28. Rc2 Ne8 29. Rdc1 Ba5 30. Nd3 Bb6 31. Nc5 Rb8 32. Kg2 Bd8 33. Nd3 Bf6 34. Ne5 Nd6 35. Nd7 Rd8 36. Nxf6+ gxf6 37. Rc7 Ra5 38. d5 Rxd5 39. Bxf6 Rb8 40. Be5 h6 41. Rd7 Rc8 42. Rxc8+ Nxc8 43. Rxb7 Rd2+ 44. Kf3 Nb6 45. Rb8+ Kh7 46. Rb7 1-0

[Event "San Francisco-ch 72th"]
[Site "San Francisco"]
[Date "2016.11.28"]
[Round "6.6"]
[White "Grospietro, Patricio Alejandro"]
[Black "Arnoletto, Stefano"]
[Result "0-1"]
[WhiteElo "1318"]
[BlackElo "1438"]
[PlyCount "64"]
[EventDate "2016.11.26"]
[EventType "swiss"]
[EventRounds "6"]
[EventCountry "ARG"]
[SourceTitle "EXT 2024"]
[Source "ChessBase"]
[SourceDate "2023.10.10"]
[SourceVersion "1"]
[SourceVersionDate "2023.10.10"]
[SourceQuality "1"]

1. d4 d5 2. Nf3 Nf6 3. Bf4 Bf5 4. e3 e6 5. a3 h6 6. h3 Bd6 7. Bxd6 Qxd6 8. Be2 Nbd7 9. 0-0 c5 10. c3 c4 11. Nbd2 0-0 12. b3 b5 13. b4 Nb6 14. Ne5 Nbd7 15. Ndf3 a5 16. Qd2 Ne4 17. Qb2 Nb6 18. Bd1 f6 19. Ng4 axb4 20. axb4 Rxa1 21. Qxa1 Ra8 22. Qb2 Na4 23. Bxa4 Rxa4 24. Ra1 Qa6 25. Rxa4 bxa4 26. Nd2 a3 27. Qa2 Nxd2 28. f3 Qa4 29. Nf2 Qb3 30. Qa1 Qb1+ 31. Qxb1 Bxb1 32. b5 a2 0-1

[Event "ARG-ch sf U14"]
[Site "Villaguay"]
[Date "2016.02.24"]
[Round "3"]
[White "Arnoletto, Stefano"]
[Black "Veliz, Ariel"]
[Result "0-1"]
[WhiteElo "1458"]
[BlackElo "1754"]
[PlyCount "70"]
[EventDate "2016.02.23"]
[EventType "swiss"]
[EventRounds "8"]
[EventCountry "ARG"]
[SourceTitle "EXT 2017"]
[Source "ChessBase"]
[SourceDate "2016.10.25"]
[SourceVersion "1"]
[SourceVersionDate "2016.10.25"]
[SourceQuality "1"]

1. e4 e5 2. Nf3 Nc6 3. d4 exd4 4. Nxd4 Bc5 5. Nb3 Bb6 6. Qe2 d6 7. Be3 Nf6 8. Nc3 Be6 9. Bxb6 axb6 10. Qe3 Bxb3 11. cxb3 0-0 12. Bd3 d5 13. Qh3 dxe4 14. Bxe4 Nxe4 15. Nxe4 Qe7 16. Qe3 Rae8 17. f3 f5 18. 0-0 fxe4 19. Qc3 exf3 20. Rxf3 Rxf3 21. Qxf3 Qe3+ 22. Qxe3 Rxe3 23. Kf2 Re8 24. Rd1 Rd8 25. Rxd8+ Nxd8 26. Ke3 Kf7 27. Ke4 Ke6 28. Kf4 Nc6 29. Kg5 Nb4 30. a3 Nd3 31. g4 Nxb2 32. h4 c5 33. Kh5 b5 34. g5 c4 35. g6 h6 0-1